Исследование пробоя горных пород и бетона в воде электрическими имульсными разрядами; Энергетика: Экология, надежность, безопасность

Bibliographic Details
Parent link:Энергетика: Экология, надежность, безопасность.— 1999.— С. 73-75.
Main Author: Важов В. Ф. Владислав Фёдорович
Other Authors: Жгун Д. В. Дмитрий Владимирович
Language:Russian
Published: 1999
Subjects:
Format: Book Chapter
KOHA link:https://koha.lib.tpu.ru/cgi-bin/koha/opac-detail.pl?biblionumber=49296

MARC

LEADER 00000naa2a2200000 4500
001 49296
005 20231226153558.0
035 |a (RuTPU)RU\TPU\book\51618 
035 |a RU\TPU\tpu\9576 
090 |a 49296 
100 |a 20030331d1999 k y0rusy50 ca 
101 0 |a rus 
102 |a RU 
200 1 |a Исследование пробоя горных пород и бетона в воде электрическими имульсными разрядами  |f В. Ф. Важов, Д. В. Жгун 
463 1 |0 (RuTPU)RU\TPU\book\13649  |t Энергетика: Экология, надежность, безопасность  |o материалы докладов 5-ой Всероссийской научно-технической конференции  |f Томский политехнический университет  |v С. 73-75.  |d 1999  |p 250 с. 
610 1 |a труды учёных ТПУ 
675 |a 620.9:628(063)  |v 3 
700 1 |a Важов  |b В. Ф.  |c специалист в области энергетики  |c доцент Томского политехнического университета, кандидат технических наук  |f 1939-  |g Владислав Фёдорович  |3 (RuTPU)RU\TPU\pers\26506 
701 1 |a Жгун  |b Д. В.  |c электрофизик  |c доцент Томского политехнического университета, кандидат технических наук  |f 1974-  |g Дмитрий Владимирович  |3 (RuTPU)RU\TPU\pers\29870  |9 14342 
801 1 |a RU  |b 63413507  |c 20020920  |g PSBO 
801 2 |a RU  |b 63413507  |c 20150924  |g PSBO 
942 |c BK